000 00606pam a2200217 a 4500
001 2787182
005 20180130033236.0
008 810317s1981 enk d 000 0 eng
010 _a 81004327
020 _a0140511091 (pbk.)
040 _aDLC
_cDLC
_dDLC
041 _aeng
043 _an-us---
080 _a349.730321 rob
082 0 0 _a349.730321 rob
_219
100 _a23
101 _agju
245 0 4 _aThe Plain-language law dictionary /
_cedited by Robert E. Rothenberg ; Stephen A. Gilbert, assistant editor.
906 _a7
_bcbc
_corignew
_d1
_eocip
_f19
_gy-gencatlg
942 _2ddc
_cBK
999 _c41213
_d41213